<?xml version="1.0" encoding="UTF-8"?><?xml-stylesheet type="text/xsl" href="static/style.xsl"?><OAI-PMH xmlns="http://www.openarchives.org/OAI/2.0/" xmlns:xsi="http://www.w3.org/2001/XMLSchema-instance" xsi:schemaLocation="http://www.openarchives.org/OAI/2.0/ http://www.openarchives.org/OAI/2.0/OAI-PMH.xsd"><responseDate>2026-06-02T10:58:35Z</responseDate><request verb="GetRecord" identifier="oai:riuma.uma.es:10630/44660" metadataPrefix="marc">https://riuma.uma.es/rest/oai/request</request><GetRecord><record><header><identifier>oai:riuma.uma.es:10630/44660</identifier><datestamp>2026-02-03T11:10:21Z</datestamp><setSpec>com_10630_2254</setSpec><setSpec>col_10630_37953</setSpec></header><metadata><record xmlns="http://www.loc.gov/MARC21/slim" xmlns:dcterms="http://purl.org/dc/terms/" xmlns:doc="http://www.lyncode.com/xoai" xmlns:xsi="http://www.w3.org/2001/XMLSchema-instance" xsi:schemaLocation="http://www.loc.gov/MARC21/slim http://www.loc.gov/standards/marcxml/schema/MARC21slim.xsd">
   <leader>00925njm 22002777a 4500</leader>
   <datafield ind2=" " ind1=" " tag="042">
      <subfield code="a">dc</subfield>
   </datafield>
   <datafield ind2=" " ind1=" " tag="720">
      <subfield code="a">García Ortega, María Ángeles</subfield>
      <subfield code="e">author</subfield>
   </datafield>
   <datafield ind2=" " ind1=" " tag="720">
      <subfield code="a">García-Piñero, José Miguel</subfield>
      <subfield code="e">author</subfield>
   </datafield>
   <datafield ind2=" " ind1=" " tag="720">
      <subfield code="a">Gómez-González, Alberto José</subfield>
      <subfield code="e">author</subfield>
   </datafield>
   <datafield ind2=" " ind1=" " tag="720">
      <subfield code="a">Medina López, Rosana</subfield>
      <subfield code="e">author</subfield>
   </datafield>
   <datafield ind2=" " ind1=" " tag="720">
      <subfield code="a">González García, Marta</subfield>
      <subfield code="e">author</subfield>
   </datafield>
   <datafield ind2=" " ind1=" " tag="720">
      <subfield code="a">Montero-García, Antonio Jesús</subfield>
      <subfield code="e">author</subfield>
   </datafield>
   <datafield ind2=" " ind1=" " tag="720">
      <subfield code="a">Morales-Gil, Isabel María</subfield>
      <subfield code="e">author</subfield>
   </datafield>
   <datafield ind2=" " ind1=" " tag="260">
      <subfield code="c">2025-11-06</subfield>
   </datafield>
   <datafield ind2=" " ind1=" " tag="520">
      <subfield code="a">Background/Objectives: Prolonged hospitalization of clinically stable preterm infants
may lead to nosocomial infections, interfere with breastfeeding, and hinder parent-infant
bonding. We evaluated the impact of an early discharge program with hospital-at-home
(HaH) on hospital stay and clinical outcomes among preterm infants. Methods: A retrospective case–control study was conducted in a tertiary neonatal unit (Spain). Fifty
infants managed with HaH (2016–2020) were compared with ninety-six controls receiving
conventional in-hospital care. Baseline characteristics, growth, and clinical events up to
12 months were collected. Analyses included bivariate comparisons and multiple linear
regression for length of stay, adjusted for gestational age, birth weight, sex, and parental
factors. Results: Baseline characteristics were comparable between groups. Discharge
weight was lower in HaH infants (1865 vs. 2130 g; p &lt; 0.001), but no differences were
observed at 6 or 12 months. Length of stay was shorter in HaH infants (26.3 vs. 33.8 days;
p = 0.081), and the multivariable model showed an independent 5.5-day reduction (β −5.53;
95% CI −10.96 to −0.11; p = 0.046). Exclusive breastfeeding was more frequent (74% vs.59%; p = 0.08) and significantly longer in HaH infants (141.9 vs. 81.1 days; p = 0.024). No
increases were found in complications at discharge, emergency visits (28% vs. 32%; p = 0.7),
or readmissions (18% vs. 31%; p = 0.2). Conclusions: Among clinically stable preterm
infants, early discharge with HaH was associated with a shorter hospital stay and longer
exclusive breastfeeding duration, without evidence of increased morbidity or healthcare
use; however, causal inference cannot be established due to the observational design. These
findings support the implementation of nurse-led HaH programs as a safe, family-centered
strategy for neonatal care.</subfield>
   </datafield>
   <datafield ind1="8" ind2=" " tag="024">
      <subfield code="a">García-Ortega, M.Á.; García-Piñero, J.M.; Gómez-González, A.J.; Medina-López, R.; González -García, M.; Montero-García, A.J.; Morales-Gil, I.M. Impact of an Early Discharge Hospital-at-Home Program on Length of Stay and Clinical Outcomes in Preterm Infants: A Case–Control Study. Children 2025, 12, 1504. https://doi.org/10.3390/ children12111504</subfield>
   </datafield>
   <datafield ind1="8" ind2=" " tag="024">
      <subfield code="a">https://hdl.handle.net/10630/44660</subfield>
   </datafield>
   <datafield ind1="8" ind2=" " tag="024">
      <subfield code="a">10.3390/children12111504</subfield>
   </datafield>
   <datafield tag="653" ind2=" " ind1=" ">
      <subfield code="a">Niños prematuros</subfield>
   </datafield>
   <datafield tag="653" ind2=" " ind1=" ">
      <subfield code="a">Enfermería neonatal</subfield>
   </datafield>
   <datafield tag="653" ind2=" " ind1=" ">
      <subfield code="a">Hospitalización a domicilio</subfield>
   </datafield>
   <datafield tag="653" ind2=" " ind1=" ">
      <subfield code="a">Lactancia materna</subfield>
   </datafield>
   <datafield ind2="0" ind1="0" tag="245">
      <subfield code="a">Impact of an Early Discharge Hospital-at-Home Program on Length of Stay and Clinical Outcomes in Preterm Infants: A Case-Control Study.</subfield>
   </datafield>
</record>
</metadata></record></GetRecord></OAI-PMH>